[Event "ROM-ch op"]
[Site "Sarata Monteoru"]
[Date "2011.02.18"]
[Round "9"]
[White "Spirea, Mihai"]
[Black "Toculet, Gheorghe Cristache"]
[Result "0-1"]
[WhiteElo "1923"]
[BlackElo "1856"]
[PlyCount "99"]
[EventDate "2011.02.12"]
[EventType "swiss"]
[EventRounds "11"]
[EventCountry "ROU"]
[SourceTitle "CBM 140 Extra"]
[Source "ChessBase"]
[SourceDate "2011.03.01"]
[SourceVersion "1"]
[SourceVersionDate "2011.03.01"]
[SourceQuality "1"]

1. e4 c5 2. c3 d6 3. d4 cxd4 4. cxd4 Nf6 5. Nc3 a6 6. Nf3 e6 7. a4 Be7 8. Be2 0-0 9. 0-0 Nbd7 10. h3 b6 11. Be3 Bb7 12. Nd2 Rc8 13. f4 Rxc3 14. bxc3 Nxe4 15. Nxe4 Bxe4 16. Bd3 Bb7 17. Qe2 Qc8 18. Bd2 Nf6 19. f5 e5 20. Rab1 e4 21. Bc2 Qc6 22. Rb2 Re8 23. Rfb1 Bd8 24. c4 e3 25. Be1 Ne4 26. d5 Qc5 27. Kh2 Qd4 28. g3 Bc8 29. Rb3 Nd2 30. Bxd2 Qxd2 31. Re1 Qd4 32. Rxe3 Rf8 33. Re8 Bd7 34. Re4 Qc5 35. g4 b5 36. axb5 axb5 37. Qe3 Qb4 38. Rb1 Qa5 39. cxb5 Bxb5 40. Reb4 Re8 41. Re4 Rxe4 42. Bxe4 g6 43. fxg6 Qa2+ 44. Kg3 Bf6 45. Rxb5 hxg6 46. g5 Be5+ 47. Kg4 Qa1 48. Rb7 Bd4 49. Qf2 Qd1+ 50. Kh4 0-1

[Event "ROM-ch op"]
[Site "Sarata Monteoru"]
[Date "2011.02.16"]
[Round "6"]
[White "Soare, Flavius Alexandru"]
[Black "Spirea, Mihai"]
[Result "1-0"]
[WhiteElo "1670"]
[BlackElo "1923"]
[PlyCount "87"]
[EventDate "2011.02.12"]
[EventType "swiss"]
[EventRounds "11"]
[EventCountry "ROU"]
[SourceTitle "EXT 2013"]
[Source "ChessBase"]
[SourceDate "2012.11.22"]
[SourceVersion "1"]
[SourceVersionDate "2012.11.22"]
[SourceQuality "1"]

1. d4 d5 2. c4 c6 3. e3 Nf6 4. Nc3 a6 5. Nf3 Bf5 6. b3 e6 7. Bb2 Nbd7 8. Nh4 Bg4 9. f3 Bh5 10. g3 Bd6 11. c5 Bc7 12. Be2 0-0 13. Qc2 e5 14. 0-0-0 exd4 15. exd4 Bg6 16. Nxg6 fxg6 17. g4 Bf4+ 18. Kb1 Qc7 19. h4 Rae8 20. Bd3 Re7 21. Ne2 Rfe8 22. Rdf1 Nf8 23. h5 g5 24. h6 g6 25. Ka1 Re6 26. a3 Qe7 27. Nxf4 gxf4 28. Bc1 g5 29. Bd2 Kh8 30. b4 Ng8 31. Rh5 Ng6 32. Bf5 Re2 33. Bd3 Nf6 34. Bxe2 Nxh5 35. gxh5 Nh4 36. Bd3 Ng2 37. Rf2 Ne3 38. Bxe3 fxe3 39. Re2 Qf7 40. Bf5 Qxh5 41. Bg4 Qxh6 42. Qd3 Qh1+ 43. Kb2 h5 44. Qg6 1-0

[Event "ROM-ch op"]
[Site "Sarata Monteoru"]
[Date "2011.02.14"]
[Round "4"]
[White "Stanciu, Alexandru Ovidiu"]
[Black "Spirea, Mihai"]
[Result "1-0"]
[WhiteElo "2297"]
[BlackElo "1923"]
[PlyCount "135"]
[EventDate "2011.02.12"]
[EventType "swiss"]
[EventRounds "11"]
[EventCountry "ROU"]
[SourceTitle "EXT 2013"]
[Source "ChessBase"]
[SourceDate "2012.11.22"]
[SourceVersion "1"]
[SourceVersionDate "2012.11.22"]
[SourceQuality "1"]

1. d4 d5 2. c4 c6 3. Nf3 Nf6 4. Qc2 dxc4 5. Qxc4 Bf5 6. g3 e6 7. Bg2 Bd6 8. 0-0 Nbd7 9. Nc3 0-0 10. Nh4 Bg4 11. e4 e5 12. d5 Rc8 13. Qd3 Bc5 14. h3 Bh5 15. Be3 Bxe3 16. Qxe3 Qb6 17. Qd2 cxd5 18. exd5 Rfe8 19. Rae1 Rc4 20. Kh2 Rd4 21. Qg5 Bg6 22. Nf3 h6 23. Qe3 Rb4 24. b3 Ne4 25. Nh4 Nxc3 26. Qxc3 Bh7 27. Nf3 f6 28. Nd2 Rd4 29. Nc4 Qc5 30. Qf3 Bd3 31. Qh5 Rd8 32. Ne3 Bxf1 33. Rxf1 e4 34. Nf5 Ne5 35. Nxd4 Qxd4 36. Qf5 Re8 37. Re1 Nd3 38. Rxe4 Rxe4 39. Qxe4 Qxe4 40. Bxe4 Nc5 41. Bg6 Kf8 42. d6 b6 43. Kg2 Nb7 44. d7 Ke7 45. Be8 Nc5 46. Kf3 Nd3 47. Ke3 Nc1 48. Kd4 Nxa2 49. Kc4 a5 50. Kb5 Kd8 51. Kxb6 Nc1 52. Bf7 Kxd7 53. Bc4 Na2 54. Kxa5 Kc7 55. b4 Nc3 56. f3 Nd1 57. Kb5 Nf2 58. h4 h5 59. Bf7 Nh1 60. g4 hxg4 61. fxg4 Ng3 62. Bg6 Nf1 63. Bf5 Ne3 64. Kc5 g6 65. Bxg6 Nxg4 66. Bf5 Nh6 67. Be6 f5 68. Kd5 1-0

[Event "ROM-ch op"]
[Site "Sarata Monteoru"]
[Date "2011.02.12"]
[Round "1"]
[White "Spirea, Mihai"]
[Black "Miron, Lucian Costin"]
[Result "0-1"]
[WhiteElo "1923"]
[BlackElo "2509"]
[PlyCount "120"]
[EventDate "2011.02.12"]
[EventType "swiss"]
[EventRounds "11"]
[EventCountry "ROU"]
[SourceTitle "CBM 140 Extra"]
[Source "ChessBase"]
[SourceDate "2011.03.01"]
[SourceVersion "1"]
[SourceVersionDate "2011.03.01"]
[SourceQuality "1"]

1. e4 e5 2. Bc4 Nf6 3. Nc3 Nc6 4. d3 Na5 5. Bg5 Nxc4 6. dxc4 Be7 7. Nf3 d6 8. 0-0 0-0 9. Qe2 c6 10. Rad1 Ne8 11. Be3 Qc7 12. Nd2 f5 13. f4 exf4 14. Rxf4 Bf6 15. exf5 Be5 16. Rf2 Rxf5 17. Rdf1 Rxf2 18. Qxf2 Nf6 19. Nce4 Be6 20. Nxf6+ Bxf6 21. b3 Be5 22. Ne4 Bf7 23. Qf5 Qe7 24. Bg5 Qe8 25. Re1 Bg6 26. Qg4 Qf7 27. Be3 Bf5 28. Qf3 Qg6 29. Bf2 Rf8 30. Qe3 Re8 31. Ng3 Bxc2 32. Qxa7 Qf7 33. Qe3 Bg6 34. Qd2 Qf6 35. Ne2 Bxh2+ 36. Kf1 Rf8 37. Qe3 Be5 38. Kg1 Re8 39. Qh3 h6 40. Bh4 Qf5 41. Qxf5 Bxf5 42. Bf2 Kf7 43. Ng3 Bxg3 44. Bxg3 Rxe1+ 45. Bxe1 c5 46. b4 Ke6 47. bxc5 dxc5 48. Kf2 Bd3 49. Ke3 Bxc4 50. a3 Kd5 51. Bc3 g6 52. g3 h5 53. a4 Bf1 54. a5 Bh3 55. Be1 Ke5 56. Bf2 Kf5 57. Kf3 Bg4+ 58. Ke3 Ke5 59. Be1 Be6 60. Kd3 Kf5 0-1